[Event "aston294"]
[Site "SchemingMind.com"]
[Date "2006.12.24"]
[Round "-"]
[White "Orhany24"]
[Black "markakeen"]
[Result "0-1"]
[WhiteCountry "TUR"]
[BlackCountry "GBR"]
[WhiteElo "1806"]
[WhiteRD "71"]
[BlackElo "2007"]
[BlackRD "79"]
[GameID "83628"]

1. e4 c5 2. Nf3 Nc6 3. d4 cxd4 4. Nxd4 g6 5. c4 Bg7 6. Be3 Nf6 7. Nc3 O-O 8. Be2 d6 9. f3 Re8 10. Qd2 Bd7
11. O-O a6 12. a3 Rc8 13. Rac1 Ne5 14. b3 Nc6 15. Rcd1 Qc7 16. Nxc6 Bxc6 17. Nd5 Nxd5 18. cxd5 Bd7 19. Rc1 Bc3 20. Qc2 Qa5
21. Qa2 Bb4 22. a4 b5 23. Rxc8 Rxc8 24. Rc1 Rxc1+ 25. Bxc1 bxa4 26. bxa4 Qc5+
0-1

[Event "aston294"]
[Site "SchemingMind.com"]
[Date "2006.12.25"]
[Round "-"]
[White "olivsan"]
[Black "drunkenmaster"]
[Result "1-0"]
[WhiteCountry "BRA"]
[BlackCountry "PHI"]
[WhiteElo "1498"]
[WhiteRD "93"]
[BlackElo "1329"]
[BlackRD "123"]
[GameID "83629"]

1. e4 c5 2. c4 g6 3. Nc3 Bg7 4. Bd3 Nc6 5. Nf3 d6 6. h3 Nf6 7. O-O O-O 8. a3 Ne8 9. Qa4 Nc7 10. Be2 a6
11. Qc2 Ne6 12. d3
1-0

[Event "aston294"]
[Site "SchemingMind.com"]
[Date "2006.12.29"]
[Round "-"]
[White "kifosi"]
[Black "trashy"]
[Result "0-1"]
[WhiteCountry "DEN"]
[BlackCountry "POR"]
[WhiteElo "1763"]
[WhiteRD "76"]
[BlackElo "1955"]
[BlackRD "133"]
[GameID "83630"]

1. d4 Nf6 2. c4 e6 3. Nf3 Bb4+ 4. Bd2 Qe7 5. g3 a5 6. Bg2 d5 7. a3 Bxd2+ 8. Nbxd2 O-O 9. Rc1 c6 10. c5 Nbd7
11. e3 e5 12. dxe5 Nxe5 13. O-O Nd3 14. Rc2 Nxc5 15. Re1 Bf5 16. Rc1 Nd3 17. Nd4 Bg6 18. N2f3 Nxb2
0-1

[Event "aston294"]
[Site "SchemingMind.com"]
[Date "2006.12.29"]
[Round "-"]
[White "ivan"]
[Black "spoke"]
[Result "0-1"]
[WhiteCountry "CRO"]
[BlackCountry "GER"]
[WhiteElo "1548"]
[WhiteRD "68"]
[BlackElo "1720"]
[BlackRD "56"]
[GameID "83631"]

1. e4 e5 2. Nf3 Nc6 3. Bc4 Nf6 4. O-O Bc5 5. Nc3 d6 6. Ng5 O-O 7. d3 Bg4 8. Qd2 h6 9. h3 Bh5 10. Nf3 Bxf3
11. gxf3 Nd4 12. Qd1 Nh5 13. Be3 Qh4 14. Bxd4 Bxd4 15. Qd2 Nf4 16. Ne2 Bxf2+
0-1

[Event "aston294"]
[Site "SchemingMind.com"]
[Date "2006.12.29"]
[Round "-"]
[White "Lee Shuck"]
[Black "july"]
[Result "1-0"]
[WhiteCountry "ENG"]
[BlackCountry "ARG"]
[WhiteElo "1299"]
[WhiteRD "60"]
[BlackElo "813"]
[BlackRD "92"]
[GameID "83632"]

1. e4 e5 2. Nc3 f6 3. Nf3 Nc6 4. Bc4 Nh6 5. d4 Nb4 6. dxe5 fxe5 7. Nxe5 d6 8. Bxh6 gxh6 9. Nd5 Be6 10. Qh5+ Bf7
11. Nxc7+ Qxc7 12. Qxf7+ Qxf7 13. Bxf7+ Ke7 14. Ng6+ Kxf7 15. Nxh8+ Kg8 16. c3 Kxh8 17. cxb4 Re8 18. f3 b5 19. b3 Rc8 20. a4 Rc2
21. axb5 Rxg2 22. Kf1 Rd2 23. Rxa7 Rb2 24. Rg1 h5 25. Rf7 Rxb3 26. Rxf8#
1-0

[Event "aston294"]
[Site "SchemingMind.com"]
[Date "2006.12.24"]
[Round "-"]
[White "markakeen"]
[Black "Orhany24"]
[Result "1-0"]
[WhiteCountry "GBR"]
[BlackCountry "TUR"]
[WhiteElo "2007"]
[WhiteRD "79"]
[BlackElo "1806"]
[BlackRD "71"]
[GameID "83633"]

1. e4 c5 2. Nf3 Nc6 3. d4 cxd4 4. Nxd4 d6 5. c4 h6 6. Nc3 a6 7. Be2 e5 8. Nc2 Be6 9. O-O Nf6 10. a3 Be7
11. Be3 O-O 12. f3 Nd7 13. Nd5 f5 14. Nxe7+ Qxe7 15. exf5 Bxf5 16. Nb4 Nxb4 17. axb4 Rfd8 18. Qd2 Nf6 19. Bb6 Re8 20. Rad1 Nd7
21. Qxd6 Nxb6 22. Qxb6 Red8 23. c5 Kh8 24. Bc4 Rac8 25. Rd5 Rxd5 26. Bxd5 Rd8 27. Qxb7 Qg5 28. f4 exf4 29. Be4 f3 30. Bxf3
1-0

[Event "aston294"]
[Site "SchemingMind.com"]
[Date "2006.12.24"]
[Round "-"]
[White "drunkenmaster"]
[Black "olivsan"]
[Result "0-1"]
[WhiteCountry "PHI"]
[BlackCountry "BRA"]
[WhiteElo "1329"]
[WhiteRD "123"]
[BlackElo "1498"]
[BlackRD "93"]
[GameID "83634"]

1. e4 e5 2. Nf3 Nc6 3. c3 d6 4. d4 d5 5. exd5 Qxd5 6. Be3 exd4 7. Nxd4 a6 8. Qf3 Qxf3 9. Nxf3 Be7 10. Nbd2 Nf6
11. h3 Be6 12. Bc4 Bxc4 13. Nxc4 O-O
0-1

[Event "aston294"]
[Site "SchemingMind.com"]
[Date "2006.12.28"]
[Round "-"]
[White "trashy"]
[Black "kifosi"]
[Result "1-0"]
[WhiteCountry "POR"]
[BlackCountry "DEN"]
[WhiteElo "1993"]
[WhiteRD "114"]
[BlackElo "1802"]
[BlackRD "65"]
[GameID "83635"]

1. d4 Nf6 2. Nf3 g6 3. c4 Bg7 4. Nc3 O-O 5. g3 c5 6. Bg2 cxd4 7. Nxd4 Qc7 8. Qd3 Nc6 9. Nxc6 dxc6 10. O-O Rd8
11. Qc2 Bf5 12. e4 Be6 13. b3 Rd7 14. Bb2 Rad8 15. Rad1 Rxd1 16. Rxd1 Rxd1+ 17. Qxd1 Qd7= 18. f4 Qxd1+ 19. Nxd1 Nd7 20. e5 Nc5
21. Bd4 Nd7 22. Bxa7 Bf5 23. Nc3 Bf8 24. Be3 f6 25. exf6 exf6 26. Kf2 Be6 27. Ne4 f5 28. Ng5 Bf7 29. Ke2 Be7 30. Nxf7 Kxf7
31. a4 Nc5 32. Bxc5 Bxc5 33. Bf3 h6 34. a5 b5 35. Bxc6
1-0

[Event "aston294"]
[Site "SchemingMind.com"]
[Date "2006.12.29"]
[Round "-"]
[White "spoke"]
[Black "ivan"]
[Result "1-0"]
[WhiteCountry "GER"]
[BlackCountry "CRO"]
[WhiteElo "1720"]
[WhiteRD "56"]
[BlackElo "1548"]
[BlackRD "68"]
[GameID "83636"]

1. e4 c6 2. d4 d5 3. Nc3 dxe4 4. Nxe4 e5 5. Be3 exd4 6. Qxd4 Qxd4 7. Bxd4 Be7 8. Bxg7 Nd7 9. Bxh8 Ngf6 10. Bxf6 Nxf6
11. Nxf6+ Bxf6 12. O-O-O Be6 13. Bd3 h6 14. Ne2 Ke7 15. b3 Rg8 16. Ng3 Bg5+ 17. Kb1
1-0

[Event "aston294"]
[Site "SchemingMind.com"]
[Date "2006.12.29"]
[Round "-"]
[White "july"]
[Black "Lee Shuck"]
[Result "0-1"]
[WhiteCountry "ARG"]
[BlackCountry "ENG"]
[WhiteElo "813"]
[WhiteRD "92"]
[BlackElo "1299"]
[BlackRD "60"]
[GameID "83637"]

1. d4 g6 2. Nc3 d5 3. e3 Nf6 4. Bb5+ c6 5. Ba4 Bg4 6. Qd3 Bf5 7. f4 Bxd3 8. cxd3 Na6 9. Nf3 Nb4 10. Bb3 Qa5
11. g4 Nxg4 12. Rg1 f5 13. Ng5 O-O-O 14. h3 Nh6 15. Bd1 Nxd3+ 16. Kd2 Nf2 17. Rf1 Ne4+ 18. Kd3 Nxc3 19. bxc3 Qb5+ 20. Kd2 Qxf1
21. Ba3 e6 22. Nxe6 Re8 23. h4 Bxa3 24. Ba4 Qxa1 25. Bd1 Rxe6 26. c4 Bc1+ 27. Ke2 Qxa2+ 28. Kd3 Qd2#
0-1

[Event "aston294"]
[Site "SchemingMind.com"]
[Date "2006.12.25"]
[Round "-"]
[White "egis"]
[Black "jtrochez1"]
[Result "1/2-1/2"]
[WhiteCountry "LTU"]
[BlackCountry "HON"]
[WhiteElo "1898"]
[WhiteRD "89"]
[BlackElo "1511"]
[BlackRD "47"]
[GameID "83727"]

1. d4 d5 2. e3 Nf6 3. Nc3 a6 4. Bd3 e6 5. Nf3 Nc6 6. O-O Bd6 7. b3 h6 8. Qe2 Nb4 9. a4 Nxd3 10. Qxd3 Bd7
11. Bd2 O-O 12. Nh4 Be8 13. Ne2 c6 14. c4 Ne4 15. Nf3 Nxd2 16. Qxd2 Qc7 17. cxd5 exd5 18. Nf4 Bxf4 19. exf4 Bd7 20. g3 Bf5
21. Ne5 Qc8 22. b4 Qc7 23. a5 f6 24. Nf3 Rae8 25. Nh4 Bh7 26. f5 Qd7 27. Qd3 Qd6 28. Rab1 Qd7=
1/2-1/2

[Event "aston294"]
[Site "SchemingMind.com"]
[Date "2006.12.25"]
[Round "-"]
[White "aston294"]
[Black "Cruyce"]
[Result "0-1"]
[WhiteCountry "ENG"]
[BlackCountry "BEL"]
[WhiteElo "943"]
[WhiteRD "66"]
[BlackElo "2015"]
[BlackRD "77"]
[GameID "83728"]

1. e4 c5 2. Nf3 e6 3. d4 cxd4 4. Nxd4 a6 5. Nc3 Qc7 6. Be2 Nc6 7. Be3 b5 8. O-O Bb7 9. f4 Rc8 10. g3 Nf6
11. f5 Nxd4 12. Qxd4 Bc5 13. Qd3 Bxe3+ 14. Qxe3 b4 15. Na4 Nxe4 16. Qxe4 Bxe4 17. g4 h5 18. Bxa6 hxg4 19. Rae1 Qxh2#
0-1

[Event "aston294"]
[Site "SchemingMind.com"]
[Date "2006.12.26"]
[Round "-"]
[White "jtrochez1"]
[Black "egis"]
[Result "0-1"]
[WhiteCountry "HON"]
[BlackCountry "LTU"]
[WhiteElo "1511"]
[WhiteRD "47"]
[BlackElo "1898"]
[BlackRD "89"]
[GameID "83730"]

1. e4 d5 2. exd5 Qxd5 3. Nc3 Qc5 4. d4 Qb4 5. a3 Qd6 6. Ne4 Qc6 7. Bd3 Nf6 8. Nxf6+ exf6 9. Nf3 Be7 10. O-O O-O
11. c3 Bg4 12. Be2 Bd6 13. Be3 Qd7 14. h3 Bf5 15. b4 Nc6 16. Nh2 Qe6 17. Bg4 Bxg4 18. Nxg4 Ne7 19. f4 Nf5 20. Bd2 Qe4
21. Re1 Qd3 22. Nf2 Qc4 23. Qf3 c6 24. Re4 b5 25. Ng4 Be7 26. Ne3 Nxe3 27. Rxe3 Bd6 28. Ree1 a6 29. f5 a5 30. Qg4 g6
31. h4 h5 32. Qh3 Qd5 33. Re2 Qc4 34. Rae1 axb4 35. axb4 Qd5 36. Rf2 Bc7 37. Bf4 Bxf4 38. Rxf4 Kg7 39. Qg3 Rae8 40. Rff1 Rxe1
41. Rxe1 Qxf5 42. Re3 Qb1+ 43. Kh2 Ra8 44. Re1 Qc2 45. Re3 Ra3 46. Qf3 Qc1 47. Rd3 Ra1 48. d5 g5 49. hxg5 fxg5 50. Kg3 Qe1+
51. Qf2 Qe5+ 52. Kf3 g4#
0-1

[Event "aston294"]
[Site "SchemingMind.com"]
[Date "2006.12.25"]
[Round "-"]
[White "Cruyce"]
[Black "aston294"]
[Result "1-0"]
[WhiteCountry "BEL"]
[BlackCountry "ENG"]
[WhiteElo "2015"]
[WhiteRD "77"]
[BlackElo "943"]
[BlackRD "66"]
[GameID "83731"]

1. d4 d5 2. Nf3 Nf6 3. g3 e6 4. Bg2 Nc6 5. O-O Bd6 6. c4 dxc4 7. Qc2 Nb4 8. Qxc4 Ne4 9. a3 f5 10. axb4 e5
11. dxe5 a5 12. exd6 cxd6 13. Nd4 Qf6 14. Nc3 b6 15. Qc6+ Kd8 16. Nxe4 Bd7 17. Qxa8+ Ke7 18. Nc6+ Kf7 19. Nxf6 Kxf6 20. Qxh8
1-0

[Event "aston294"]
[Site "SchemingMind.com"]
[Date "2006.12.27"]
[Round "-"]
[White "sidra"]
[Black "russellhead"]
[Result "1-0"]
[WhiteCountry "HUN"]
[BlackCountry "USA"]
[WhiteElo "1597"]
[WhiteRD "77"]
[BlackElo "1509"]
[BlackRD "63"]
[GameID "83797"]

1. d4 Nf6 2. c4 g6 3. e3 Bg7 4. Nc3 d5 5. c5 c6 6. b4 O-O 7. h3 b5 8. a3 Na6 9. Bd3 Bf5 10. Nge2 e6
11. Bxf5 exf5 12. O-O Qd7 13. f4 Rae8 14. Ng3 Ne4 15. Ngxe4 fxe4 16. Ra2 f5 17. g3 Nc7 18. Rg2 Ra8 19. Rff2 Ne8 20. g4 Nf6
21. g5 Nh5 22. h4 a5 23. bxa5 Rxa5 24. Ne2 Rfa8 25. Qb3 R8a6 26. Ng3 Nxg3 27. Rxg3 Qe8 28. Ra2 Ra4 29. Rgg2 Rc4 30. Rgc2 Raa4
31. Rxc4 Rxc4 32. Rc2 Qa8 33. Rxc4 bxc4 34. Qb4 h5 35. a4 Bf8 36. a5 Be7 37. Bd2 Bd8 38. Qa3 Qa6 39. Bc3 Kf8= 40. Qb4 Ke8
41. Qb8 Ke7 42. Qd6+ Ke8 43. Qxg6+ Ke7 44. Qxf5 Qb7 45. Qe5+ Kd7 46. Kg2 Qb1 47. Qd6+ Ke8 48. Qxc6+ Ke7 49. Qd6+ Kf7 50. Qxd5+ Kg7
51. Qd7+ Kg6 52. f5#
1-0

[Event "aston294"]
[Site "SchemingMind.com"]
[Date "2006.12.27"]
[Round "-"]
[White "willnevitt"]
[Black "bartleby en passant"]
[Result "1-0"]
[WhiteCountry "USA"]
[BlackCountry "IRL"]
[WhiteElo "1943"]
[WhiteRD "170"]
[BlackElo "1760"]
[BlackRD "97"]
[GameID "83801"]

1. e4 e5 2. Nf3 Nc6 3. Bb5 d6 4. d4 a6 5. Ba4 b5 6. Bb3 h6 7. dxe5 dxe5 8. Qxd8+ Nxd8 9. Nxe5 Nf6 10. Nc3 Bb4
11. O-O O-O 12. Nd5 Nxd5 13. Bxd5 Bb7 14. Bxb7 Nxb7 15. Nc6 Bd6 16. Rd1 Nc5 17. e5 Bxe5 18. Nxe5 Rfe8 19. Bf4
1-0

[Event "aston294"]
[Site "SchemingMind.com"]
[Date "2006.12.26"]
[Round "-"]
[White "kisei"]
[Black "willygor"]
[Result "1-0"]
[WhiteCountry "HUN"]
[BlackCountry "ARG"]
[WhiteElo "1836"]
[WhiteRD "81"]
[BlackElo "1733"]
[BlackRD "71"]
[GameID "83802"]

1. e4 c5 2. Nf3 Nc6 3. d4 cxd4 4. Nxd4 d6 5. Nc3 e6 6. Be3 Be7 7. Qd2 a6 8. Nxc6 bxc6 9. O-O-O e5 10. f4 Bg4
11. Be2 Bxe2 12. Qxe2 Qc7 13. fxe5 dxe5 14. Qg4 g6 15. Na4 Nf6 16. Qf3 O-O 17. h4 Rfd8 18. Rxd8+ Rxd8 19. g4 Qa5 20. Nc3 Rd7
21. h5 Qd8 22. hxg6 fxg6 23. g5 Nh5 24. Ne2 Bxg5 25. Ng3 Rf7 26. Nf5 Ng7 27. Rd1 Bxe3+ 28. Qxe3 Rd7 29. Nh6+ Kh8 30. Nf7+
1-0

[Event "aston294"]
[Site "SchemingMind.com"]
[Date "2006.12.26"]
[Round "-"]
[White "Alikabok"]
[Black "rodk"]
[Result "1-0"]
[WhiteCountry "PHI"]
[BlackCountry "USA"]
[WhiteElo "1973"]
[WhiteRD "106"]
[BlackElo "1547"]
[BlackRD "194"]
[GameID "83803"]

1. e4 c5 2. Nf3 Nc6 3. d4 e6 4. Nc3 b6 5. d5 exd5 6. Nxd5 Bd6 7. Nxb6 Qxb6 8. Qxd6 Nd4 9. Qe5+ Qe6 10. Qxe6+ fxe6
11. Nxd4 cxd4 12. Bf4 Ne7 13. Be5 O-O 14. Bxd4 d5 15. Bd3 Nc6 16. Bc5 Rd8 17. exd5 Rxd5 18. Be3 Nb4 19. Be4 Rb8 20. Bxd5 Nxc2+
21. Kd2 Nxa1 22. Rxa1 exd5 23. Bxa7 Rxb2+ 24. Kc3 Rb7 25. Bc5 Kf7 26. a4 Rc7 27. Kd4 Rd7 28. a5 Ba6 29. Ra3 g5 30. f4 Kg6
31. fxg5 Kxg5 32. Rb3 Rb7 33. Rg3+ Kh4 34. Kxd5 Rb5 35. Ra3 Kh5 36. g3 Kg4 37. h4 h5 38. Kc6 Kf5 39. Bd6 Kg6 40. Bc7 Kg7
41. Re3 Kf6 42. Re8 Kg7 43. Re5 Rxe5 44. Bxe5+ Kg6 45. Kb6 Be2 46. a6 Bxa6 47. Kxa6 Kf5 48. Bf4 Kg6 49. Kb6 Kf5 50. Kc6 Ke6
51. Bb8 Kf5 52. Kd7 Kf6 53. Ke8 Kg7 54. Ke7 Kg6 55. Ke6 Kg7 56. Kf5 Kh6 57. Kf6 Kh7 58. Kg5 Kg7 59. Kxh5 Kh7 60. Kg5 Kg7
61. h5 Kh7 62. h6 Kg8 63. Kg6 Kh8 64. Be5+
1-0

[Event "aston294"]
[Site "SchemingMind.com"]
[Date "2006.12.26"]
[Round "-"]
[White "russellhead"]
[Black "sidra"]
[Result "1-0"]
[WhiteCountry "USA"]
[BlackCountry "HUN"]
[WhiteElo "1509"]
[WhiteRD "63"]
[BlackElo "1597"]
[BlackRD "77"]
[GameID "83806"]

1. d4 d5 2. Nf3 h6 3. Bf4 e6 4. e3 a6 5. c3 Bd6 6. Bd3 b5 7. O-O Nf6 8. Nbd2 Bxf4 9. exf4 O-O 10. Ne5 Bb7
11. Ndf3 Nbd7 12. Bc2 c6 13. Qd3 Qe8 14. g4 g6 15. g5 hxg5 16. Nxg5 Nxe5 17. fxe5 Nh7 18. Nxh7 Kxh7 19. Rae1 Kg7 20. Kh1 Rh8
21. Rg1 Rh6 22. Rg3 Qh8 23. Rg2 Kf8 24. Reg1 Ke7 25. Qg3 Rg8 26. f4 Bc8 27. c4 Qh7 28. Qa3+ Ke8 29. Qc5 Bd7 30. f5 exf5
31. e6 fxe6 32. Qd6 bxc4 33. Qb8+ Ke7 34. Bxf5 exf5 35. Re1+ Kf7 36. Qd6 Re8 37. Qxd7+ Kf6 38. Qxe8 Qf7 39. Qe5#
1-0

[Event "aston294"]
[Site "SchemingMind.com"]
[Date "2006.12.26"]
[Round "-"]
[White "cinnamon"]
[Black "Tahur"]
[Result "0-1"]
[WhiteCountry "USA"]
[BlackCountry "ARG"]
[WhiteElo "869"]
[WhiteRD "144"]
[BlackElo "1468"]
[BlackRD "55"]
[GameID "83807"]

1. e4 e5 2. Be2 Nf6 3. Bf3 Bc5 4. Nh3 d5 5. O-O dxe4 6. Be2 h6 7. c4 g5 8. b3 g4 9. Bxg4 Nxg4 10. Nc3 Nf6
11. a3 Rg8 12. g3 Bxh3 13. Re1 Qd3 14. a4 Bg4
0-1

[Event "aston294"]
[Site "SchemingMind.com"]
[Date "2006.12.26"]
[Round "-"]
[White "rampichino"]
[Black "The Stonewall"]
[Result "0-1"]
[WhiteCountry "ITA"]
[BlackCountry "ENG"]
[WhiteElo "1467"]
[WhiteRD "65"]
[BlackElo "2117"]
[BlackRD "97"]
[GameID "83809"]

1. e4 c5 2. c3 g6 3. d4 cxd4 4. Qxd4 Nf6 5. e5 Nc6 6. Qc4 Nxe5 7. Qb5 Nc6 8. Bc4 Bg7 9. Nf3 d5 10. Bb3 O-O
11. O-O a6 12. Qd3 Bf5 13. Qd2 e5 14. Rd1 Rc8 15. Na3 Qc7 16. Qe2 e4 17. Nd4 Bg4 18. f3 Nxd4 19. Rxd4 exf3 20. gxf3 Rfe8
21. Qd1 Be6 22. Bf4 Qc6 23. Nc2 Nh5 24. Nb4 Qb6
0-1

[Event "aston294"]
[Site "SchemingMind.com"]
[Date "2006.12.27"]
[Round "-"]
[White "bartleby en passant"]
[Black "willnevitt"]
[Result "0-1"]
[WhiteCountry "IRL"]
[BlackCountry "USA"]
[WhiteElo "1760"]
[WhiteRD "97"]
[BlackElo "1943"]
[BlackRD "170"]
[GameID "83810"]

1. e4 c5 2. Nf3 d6 3. d4 cxd4 4. Nxd4 Nf6 5. Nc3 g6 6. Bf4 Bg7 7. Bc4 O-O 8. O-O e5 9. Bxe5 dxe5 10. Nf3 Nc6
11. Qxd8 Rxd8 12. Rad1 Bg4 13. Rxd8+ Rxd8 14. Nb5 Nxe4 15. Re1 Bxf3 16. gxf3 Nd2 17. Be2 Nd4 18. Na3 N2xf3+ 19. Bxf3 Nxf3+ 20. Kf1 Nxe1
21. Kxe1 f5 22. Nc4 e4 23. Ke2 Kf7
0-1

[Event "aston294"]
[Site "SchemingMind.com"]
[Date "2006.12.26"]
[Round "-"]
[White "willygor"]
[Black "kisei"]
[Result "0-1"]
[WhiteCountry "ARG"]
[BlackCountry "HUN"]
[WhiteElo "1733"]
[WhiteRD "71"]
[BlackElo "1836"]
[BlackRD "81"]
[GameID "83811"]

1. e4 e5 2. Nf3 Nc6 3. Bb5 a6 4. Bxc6 dxc6 5. Nc3 Qd6 6. d3 Nf6 7. h3 Be7 8. O-O O-O 9. Qe2 Nh5 10. Nh2 Qg6
11. Kh1 Re8 12. f4 Ng3+ 13. Kg1 Nxe2+ 14. Nxe2 Bxh3 15. g4 Bxf1 16. f5 Qd6 17. Kxf1 g6 18. Ng3 Bh4
0-1

[Event "aston294"]
[Site "SchemingMind.com"]
[Date "2006.12.27"]
[Round "-"]
[White "rodk"]
[Black "Alikabok"]
[Result "0-1"]
[WhiteCountry "USA"]
[BlackCountry "PHI"]
[WhiteElo "1547"]
[WhiteRD "194"]
[BlackElo "1973"]
[BlackRD "106"]
[GameID "83812"]

1. e4 d5 2. e5 c5 3. c4 d4 4. Nf3 Bg4 5. Bd3 Nc6 6. O-O Nxe5 7. Qa4+ Bd7 8. Qc2 Nxf3+ 9. gxf3 Nf6 10. a3 a5
11. Be4 Qc7 12. d3 e6 13. Re1 Bd6 14. h3 O-O 15. Nd2 Nh5 16. Nf1 f5 17. Bxb7 Qxb7 18. Qe2 Bf4 19. Ng3 Nxg3 20. fxg3 Bxg3
21. Rf1 f4 22. Qe5 Rf5 23. Qd6 Ra6 24. Qe7 Qc8 25. Bd2 Rh5 26. b4 Bh4 27. Qxc5 Rxc5 28. bxc5 Qxc5 29. Bxf4 Qf5 30. Bh2 Qxh3
31. Rab1 e5 32. Bxe5 Rg6+ 33. Bg3 Qxg3+
0-1

[Event "aston294"]
[Site "SchemingMind.com"]
[Date "2006.12.27"]
[Round "-"]
[White "jsmith1088"]
[Black "KingGeorge236"]
[Result "0-1"]
[WhiteCountry "USA"]
[BlackCountry "USA"]
[WhiteElo "1291"]
[WhiteRD "264"]
[BlackElo "1745"]
[BlackRD "152"]
[GameID "83933"]

1. e4 e5 2. Nf3 Nc6 3. Bb5 a6 4. Ba4 Nf6 5. O-O Be7 6. Re1 b5 7. Bb3 O-O 8. c3 d5 9. exd5 Nxd5 10. Nxe5 Nxe5
11. Rxe5 c6 12. d3 Bd6 13. Rh5 Re8 14. c4 Bg4 15. f3 Bxh5 16. cxd5 cxd5 17. Bxd5 Bxh2+ 18. Kxh2 Qxd5 19. Nc3 Qd6+ 20. Kh1 Re6
0-1

[Event "aston294"]
[Site "SchemingMind.com"]
[Date "2006.12.27"]
[Round "-"]
[White "KingGeorge236"]
[Black "jsmith1088"]
[Result "1-0"]
[WhiteCountry "USA"]
[BlackCountry "USA"]
[WhiteElo "1908"]
[WhiteRD "253"]
[BlackElo "1338"]
[BlackRD "292"]
[GameID "83939"]

1. e4 c5 2. Nf3 d6 3. d4 cxd4 4. Nxd4 Nf6 5. Nc3 a6 6. Be3 b5 7. a4 b4 8. Nd5 Nxe4 9. Nb5 axb5 10. Bb6 Qd7
11. Nc7+ Kd8 12. Nxa8+ Ke8 13. Nc7+ Kd8 14. Nxb5+ Ke8 15. Nc7+ Kd8 16. Na6+ Ke8 17. Nxb8 Qe6 18. Bb5+ Bd7 19. Bxd7+
1-0

[Event "aston294"]
[Site "SchemingMind.com"]
[Date "2007.01.06"]
[Round "-"]
[White "The Stonewall"]
[Black "Cruyce"]
[Result "1/2-1/2"]
[WhiteCountry "ENG"]
[BlackCountry "BEL"]
[WhiteElo "2168"]
[WhiteRD "89"]
[BlackElo "2106"]
[BlackRD "73"]
[GameID "85713"]

1. d4 d5 2. Bf4 Nc6 3. e3 Nf6 4. c4 Bf5 5. Nc3 e6 6. Nf3 Bb4 7. a3 Bxc3+ 8. bxc3 O-O 9. Bg5 h6 10. cxd5 exd5
11. Bd3 Be4 12. Bh4 Qd6 13. O-O Rae8 14. Rb1 b6 15. Bxf6 Qxf6 16. Bxe4 Rxe4 17. Nd2 Rh4 18. Qf3 Qg5 19. Qg3 Rg4 20. Qf3 Rh4
21. Qg3 Rg4 22. Qxc7 Rxg2+ 23. Kh1 Qg6 24. Rg1 Rg5 25. Rxg5 hxg5 26. Rg1 g4 27. Qd7 Qe6 28. Qxe6 fxe6 29. Kg2 Na5 30. Kg3 b5
31. Rb1 a6 32. a4 bxa4 33. Rb4 Nb3= 34. Nxb3 axb3 35. Rxb3 Kf7 36. Ra3 Ra8 37. Kxg4 a5 38. Kf4 Kf6 39. h4 a4 40. e4 g6
41. f3 Ra7 42. Kg4 Kf7 43. Kg5 Kg7 44. exd5 exd5 45. f4 Ra5 46. f5 gxf5 47. h5 f4 48. Kxf4 Kh6 49. Ke5 Kxh5 50. Kd6 Kg5
51. Kc6 Kf5 52. Kb6 Ra8 53. Kb7 Ra5 54. Kb6 Ra8 55. Kb7 Ra5=
1/2-1/2

[Event "aston294"]
[Site "SchemingMind.com"]
[Date "2007.01.06"]
[Round "-"]
[White "Cruyce"]
[Black "The Stonewall"]
[Result "1/2-1/2"]
[WhiteCountry "BEL"]
[BlackCountry "ENG"]
[WhiteElo "2060"]
[WhiteRD "73"]
[BlackElo "2180"]
[BlackRD "88"]
[GameID "85717"]

1. d4 g6 2. Nf3 Bg7 3. g3 d6 4. Bg2 Nd7 5. O-O e5 6. dxe5 dxe5 7. c4 Ngf6 8. Nc3 O-O 9. Qc2 c6 10. Rd1 Re8
11. h3 Qe7 12. Be3 Nb6 13. Nd2 Bf5 14. Qb3 Rad8 15. a4 Be6 16. Bxb6 axb6 17. Qxb6 Bf5 18. Nf3 e4 19. Nd4 Bc8 20. Nc2 Nd7
21. Qb3 Nc5 22. Qa3 f5 23. a5 Be6 24. Qb4 Be5 25. Na4 Rxd1+ 26. Rxd1 Nxa4 27. Qxa4 Bxb2 28. a6 Be5 29. axb7 Qxb7 30. Nd4 Bxd4
31. Rxd4 Ra8 32. Qd1 c5 33. Rd8+ Rxd8 34. Qxd8+ Kf7 35. Qh8 Qb1+ 36. Kh2 h5 37. Qh7+ Kf6 38. Qh8+ Kf7 39. Qh7+ Kf6 40. Qh8+ Kf7
41. Qh7+ Kf6 42. Qh8+=
1/2-1/2

[Event "aston294"]
[Site "SchemingMind.com"]
[Date "2007.02.05"]
[Round "-"]
[White "Tahur"]
[Black "Lee Shuck"]
[Result "1-0"]
[WhiteCountry "ARG"]
[BlackCountry "ENG"]
[WhiteElo "1465"]
[WhiteRD "60"]
[BlackElo "1412"]
[BlackRD "68"]
[GameID "89590"]

1. e4 e5 2. Nf3 Nc6 3. Bb5 Nf6 4. Nc3 Bc5 5. Bxc6 dxc6 6. Nxe5 Bxf2+ 7. Kxf2 Qd4+ 8. Kf1 Qxe5 9. d3 Bg4 10. Qe1 O-O-O
11. h3 Be6 12. a3 Rhe8 13. Be3 Nh5 14. Bf2 f5 15. exf5 Qxf5 16. g4 Qf3 17. Rh2 Bxg4 18. Qd1 Qxd1+ 19. Nxd1 Bf3 20. Bh4 Rd4
21. Bf2 Re2 22. Bxd4 Rxh2 23. Bf2 Bg2+ 24. Kg1 Rxh3 25. Kxg2 Nf4+ 26. Kg1 g5 27. Be3 Nd5 28. Bxa7 Nf4 29. Be3 Rg3+ 30. Kf2 Nh5
31. Nc3 Rg4 32. Rh1 Nf6 33. Rh6 Kd7 34. Rxf6 h5 35. Rf7+ Kd6 36. Ne4+ Ke6 37. Rxc7 h4 38. Rxb7
1-0

[Event "aston294"]
[Site "SchemingMind.com"]
[Date "2007.02.05"]
[Round "-"]
[White "Lee Shuck"]
[Black "Tahur"]
[Result "0-1"]
[WhiteCountry "ENG"]
[BlackCountry "ARG"]
[WhiteElo "1420"]
[WhiteRD "62"]
[BlackElo "1529"]
[BlackRD "57"]
[GameID "89601"]

1. e4 e5 2. Nf3 Nc6 3. Bb5 d6 4. d4 Bd7 5. d5 Nb8 6. Bxd7+ Nxd7 7. O-O Ngf6 8. Nc3 h6 9. Be3 c6 10. Qd3 cxd5
11. exd5 a6 12. Rfe1 Be7 13. Nh4 O-O 14. Nf5 b5 15. f4 Re8 16. b4 Qc7 17. a4 Rec8 18. axb5 Qxc3 19. Nxe7+ Kf8 20. Bd4 Qxd3
21. cxd3 Re8 22. fxe5 dxe5 23. Nf5 exd4 24. Nxd4 Rxe1+ 25. Rxe1 Nxd5 26. Nc6 axb5 27. d4 Ra4 28. Rb1 f5 29. Kf2 Kf7 30. Nd8+ Ke7
31. Nc6+ Kd6 32. Na5 Nxb4 33. Nb3 Nb6 34. Kf3 g5 35. g4 fxg4+ 36. Kxg4 Nc2 37. Kh5 Nxd4 38. Nxd4 Rxd4 39. Rxb5 Rh4+ 40. Kg6 Kc6
41. Rb2 Nc4 42. Rc2 Kd5 43. Rd2+= Nxd2
0-1

[Event "aston294"]
[Site "SchemingMind.com"]
[Date "2007.02.16"]
[Round "-"]
[White "Alikabok"]
[Black "olivsan"]
[Result "1-0"]
[WhiteCountry "PHI"]
[BlackCountry "BRA"]
[WhiteElo "1979"]
[WhiteRD "78"]
[BlackElo "1542"]
[BlackRD "90"]
[GameID "92440"]

1. e4 e5 2. f4 f6 3. fxe5 fxe5 4. Qh5+ g6 5. Qxe5+ Qe7 6. Qxh8 Nf6 7. d3 Qg7 8. Qxg7 Bxg7 9. Nf3 d6 10. Nc3 Be6
11. e5 dxe5 12. Nxe5 Ng4 13. Nxg4 Bxg4 14. h3 Be6 15. Nb5 Be5 16. Be3 Nc6 17. d4 Bd6 18. Nxd6+ cxd6 19. c4 d5 20. b3 Nb4
21. Kd2 Nc6 22. g4 O-O-O 23. c5 a6 24. Be2 Nb4 25. a3 Nc6 26. b4 Rf8 27. Rhf1 Bf7 28. Rf3 Nd8 29. Raf1 Kd7 30. Bh6
1-0

[Event "aston294"]
[Site "SchemingMind.com"]
[Date "2007.02.16"]
[Round "-"]
[White "olivsan"]
[Black "Alikabok"]
[Result "0-1"]
[WhiteCountry "BRA"]
[BlackCountry "PHI"]
[WhiteElo "1542"]
[WhiteRD "90"]
[BlackElo "1979"]
[BlackRD "78"]
[GameID "92449"]

1. e4 d6 2. Nc3 g6 3. Bc4 Nf6 4. h3 Bg7 5. Qf3 O-O 6. d3 c6 7. Bd2 b5 8. Bb3 a5 9. a3 Nbd7 10. d4 Nb6
11. O-O-O Qc7 12. Bf4 Nfd7 13. Nge2 e5 14. dxe5 Bxe5 15. Bxe5 dxe5 16. g4 Nc5 17. Qf6 Nxb3+ 18. cxb3 Be6 19. b4 axb4 20. axb4 Bb3
21. Rd3 Ra1+ 22. Nb1 Bc4 23. Ra3 Rxa3 24. Nxa3 Bxe2 25. Re1 Bc4 26. Nxc4 Nxc4 27. Rd1 Qa7 28. Qxc6 Qa1+ 29. Kc2 Qxb2+ 30. Kd3 Rd8+
31. Qd5 Rxd5+ 32. exd5 f5 33. f3 e4+ 34. fxe4 fxe4+ 35. Kxe4 Qe2+
0-1